[Event "BCF-ch Seniors 50"]
[Site "Hull"]
[Date "2018.07.29"]
[Round "1"]
[White "Allison, Paul A"]
[Black "Hodge, Steve R"]
[Result "0-1"]
[WhiteElo "1615"]
[BlackElo "2005"]
[PlyCount "62"]
[EventDate "2018.07.29"]
[EventType "swiss"]
[EventRounds "7"]
[EventCountry "ENG"]
[SourceTitle "CBM 185 Extra"]
[Source "ChessBase"]
[SourceDate "2018.07.29"]
[SourceVersion "1"]
[SourceVersionDate "2018.07.29"]
[SourceQuality "1"]

1. e4 c5 2. Nf3 Nc6 3. d4 cxd4 4. Nxd4 Nf6 5. Nc3 e5 6. Ndb5 d6 7. Bg5 a6 8. Na3 b5 9. Nd5 Be7 10. Bxf6 Bxf6 11. c4 b4 12. Nc2 a5 13. g3 0-0 14. h4 g6 15. Qf3 Bg7 16. h5 Ra7 17. Bd3 Be6 18. 0-0-0 Rb7 19. Nce3 Nd4 20. Qg2 a4 21. g4 Qg5 22. Qh3 Bf6 23. Nxf6+ Qxf6 24. Rdf1 a3 25. b3 Qf4 26. Qg3 g5 27. Kb1 Qf6 28. Nd5 Bxd5 29. exd5 e4 30. Bxe4 Ne2 31. Bxh7+ Kh8 0-1

[Event "Harrogate 4NCL op-B 12th"]
[Site "Harrogate"]
[Date "2017.01.08"]
[Round "5"]
[White "Allison, Paul A"]
[Black "Bin Suhayl, Yousuf"]
[Result "0-1"]
[WhiteElo "1601"]
[BlackElo "1788"]
[PlyCount "48"]
[EventDate "2017.01.06"]
[EventType "swiss"]
[EventRounds "5"]
[EventCountry "ENG"]
[SourceTitle "CBM 176 Extra"]
[Source "ChessBase"]
[SourceDate "2017.03.02"]
[SourceVersion "1"]
[SourceVersionDate "2017.03.02"]
[SourceQuality "1"]

1. e4 e6 2. d4 d5 3. Nc3 Nf6 4. e5 Nfd7 5. f4 c5 6. Nf3 Nc6 7. Be3 cxd4 8. Nxd4 Bc5 9. Ncb5 0-0 10. Nxc6 bxc6 11. Bxc5 Nxc5 12. Nd6 Qb6 13. Rb1 Nb7 14. Nxc8 Raxc8 15. Qf3 Qa5+ 16. c3 Qxa2 17. Bd3 Nc5 18. Bc2 Rb8 19. 0-0 Rxb2 20. Rxb2 Qxb2 21. Qf2 Qxc3 22. f5 exf5 23. Qxf5 Ne4 24. Bxe4 Qe3+ 0-1

[Event "Harrogate 4NCL op-B 12th"]
[Site "Harrogate"]
[Date "2017.01.07"]
[Round "2"]
[White "Bowman, Richard L"]
[Black "Allison, Paul A"]
[Result "1/2-1/2"]
[WhiteElo "1817"]
[BlackElo "1601"]
[PlyCount "92"]
[EventDate "2017.01.06"]
[EventType "swiss"]
[EventRounds "5"]
[EventCountry "ENG"]
[SourceTitle "CBM 176 Extra"]
[Source "ChessBase"]
[SourceDate "2017.03.02"]
[SourceVersion "1"]
[SourceVersionDate "2017.03.02"]
[SourceQuality "1"]

1. d4 f5 2. g3 Nf6 3. Bg2 e6 4. c4 Be7 5. Nc3 0-0 6. Nh3 d6 7. 0-0 Qe8 8. Re1 Nbd7 9. Ng5 Bd8 10. d5 e5 11. Ne6 Rf7 12. e4 Nxe4 13. Nxe4 fxe4 14. Bxe4 Nf6 15. Bf5 c6 16. Nxd8 Qxd8 17. Bxc8 Qxc8 18. Bg5 Qf5 19. Bxf6 Rxf6 20. Re2 c5 21. Qb3 b6 22. Kg2 Raf8 23. Qe3 Qg4 24. b3 Rf3 25. Qd2 Qf5 26. Rd1 e4 27. Qc2 Rd3 28. Rde1 Rf3 29. Qxe4 Rxf2+ 30. Rxf2 Qxf2+ 31. Kh3 g5 32. Qe6+ Kg7 33. Qe7+ Kh8 34. Qe2 Qf5+ 35. Qg4 Qf2 36. Qe2 Qf5+ 37. g4 Qf6 38. Kg2 Qd4 39. Rf1 Rxf1 40. Kxf1 Qf4+ 41. Kg2 Qf6 42. Qe8+ Kg7 43. Qd7+ Kg6 44. Qe8+ Qf7 45. Qe4+ Kg7 46. Qe3 Qf6 1/2-1/2

[Event "London Classic op U2050-B 8th"]
[Site "London"]
[Date "2016.12.14"]
[Round "3"]
[White "Allison, Paul A"]
[Black "Skielnik, Joseph J"]
[Result "1/2-1/2"]
[WhiteElo "1601"]
[BlackElo "1836"]
[PlyCount "59"]
[EventDate "2016.12.12"]
[EventType "swiss"]
[EventRounds "5"]
[EventCountry "ENG"]
[SourceTitle "EXT 2019"]
[Source "ChessBase"]
[SourceDate "2018.10.10"]
[SourceVersion "1"]
[SourceVersionDate "2018.10.10"]
[SourceQuality "1"]

1. e4 c6 2. d4 d5 3. e5 c5 4. dxc5 e6 5. a3 Bxc5 6. Qg4 Bf8 7. Nf3 Nc6 8. Bd3 Nge7 9. 0-0 Ng6 10. Re1 Qc7 11. Qg3 Bd7 12. h4 0-0-0 13. h5 Nge7 14. Ng5 Be8 15. Qf4 Qd7 16. Nxf7 Bxf7 17. Qxf7 Kb8 18. Bg5 h6 19. Bh4 Rc8 20. Nc3 Nd8 21. Qf3 Nec6 22. Bb5 Bc5 23. Rad1 Rf8 24. Qg4 Qf7 25. Rd2 Ne7 26. Bd3 a6 27. Bg3 Ndc6 28. Bg6 Nxg6 29. Qxg6 Qxg6 30. hxg6 1/2-1/2

[Event "London Classic op U2050-B 8th"]
[Site "London"]
[Date "2016.12.13"]
[Round "2"]
[White "Allison, Paul A"]
[Black "Aprea, Daniele"]
[Result "0-1"]
[WhiteElo "1601"]
[BlackElo "2039"]
[PlyCount "110"]
[EventDate "2016.12.12"]
[EventType "swiss"]
[EventRounds "5"]
[EventCountry "ENG"]
[SourceTitle "EXT 2019"]
[Source "ChessBase"]
[SourceDate "2018.10.10"]
[SourceVersion "1"]
[SourceVersionDate "2018.10.10"]
[SourceQuality "1"]

1. e4 e6 2. d4 d5 3. Nc3 Nc6 4. Nf3 Nf6 5. e5 Ne4 6. Bd3 Bb4 7. Bd2 Nxd2 8. Qxd2 Bd7 9. a3 Bf8 10. Ne2 f6 11. Qf4 fxe5 12. dxe5 Qe7 13. Ng5 g6 14. Qg3 0-0-0 15. f4 Bg7 16. 0-0-0 h6 17. Nf3 g5 18. fxg5 hxg5 19. Ned4 g4 20. Nxc6 Bxc6 21. Nd2 Qg5 22. Rhe1 Rh5 23. Kb1 Bxe5 24. Qf2 Kb8 25. Qf7 Bd7 26. h3 Bg3 27. Rf1 gxh3 28. Nf3 Qh6 29. gxh3 Rxh3 30. Nd4 Be5 31. Nf3 Bd6 32. Nd4 e5 33. Nf5 Qe6 34. Nxd6 Qxd6 35. Rf6 Qc5 36. b4 Qd4 37. Qxd7 Rhh8 38. Rh6 e4 39. Rxh8 Qxh8 40. Qf5 exd3 41. Rxd3 a6 42. c4 dxc4 43. Rxd8+ Qxd8 44. Kc2 Qd3+ 45. Qxd3 cxd3+ 46. Kxd3 Kc8 47. Kc4 Kd7 48. Kd5 b6 49. a4 c6+ 50. Kd4 Kd6 51. Kc4 Ke5 52. b5 axb5+ 53. axb5 c5 54. Kc3 Kd5 55. Kd3 c4+ 0-1

[Event "London Classic op U2050-B 8th"]
[Site "London"]
[Date "2016.12.12"]
[Round "1"]
[White "McDonnell, James J"]
[Black "Allison, Paul A"]
[Result "1/2-1/2"]
[WhiteElo "1891"]
[BlackElo "1601"]
[PlyCount "79"]
[EventDate "2016.12.12"]
[EventType "swiss"]
[EventRounds "5"]
[EventCountry "ENG"]
[SourceTitle "EXT 2019"]
[Source "ChessBase"]
[SourceDate "2018.10.10"]
[SourceVersion "1"]
[SourceVersionDate "2018.10.10"]
[SourceQuality "1"]

1. e4 e5 2. Nf3 Nc6 3. Bb5 f5 4. Nc3 fxe4 5. Nxe4 d5 6. Nxe5 dxe4 7. Nxc6 Qg5 8. Ne5+ c6 9. d4 Qxg2 10. Bf1 Qxh1 11. Qh5+ g6 12. Nxg6 hxg6 13. Qxh8 Ne7 14. Bg5 Qf3 15. Bxe7 Kxe7 16. Qe5+ Kd8 17. d5 Qf5 18. Qd4 c5 19. Qd2 Bd6 20. Qh6 Be5 21. c3 Bd7 22. Qe3 Rc8 23. Bg2 Qg4 24. Qxe4 Qxe4+ 25. Bxe4 Bf5 26. Bxf5 gxf5 27. h3 Kd7 28. 0-0-0 b5 29. Kc2 Rg8 30. f4 Bxf4 31. Rf1 Rg2+ 32. Kb1 Be3 33. Rxf5 Rg1+ 34. Kc2 c4 35. b3 Rg2+ 36. Kb1 Rg1+ 37. Kc2 Rg2+ 38. Kb1 Rg1+ 39. Kc2 Rg2+ 40. Kb1 1/2-1/2

[Event "London Weekend U1800 7th"]
[Site "London"]
[Date "2015.12.06"]
[Round "4.24"]
[White "Allison, Paul A"]
[Black "Levene, Oren"]
[Result "0-1"]
[WhiteElo "1667"]
[BlackElo "1364"]
[PlyCount "72"]
[EventDate "2015.12.04"]
[EventType "swiss"]
[EventRounds "5"]
[EventCountry "ENG"]
[SourceTitle "EXT 2023"]
[Source "ChessBase"]
[SourceDate "2022.10.05"]
[SourceVersion "1"]
[SourceVersionDate "2022.10.05"]
[SourceQuality "1"]

1. e4 c6 2. d4 d5 3. e5 Bf5 4. h4 h5 5. Bd3 Nh6 6. Bg5 Qb6 7. Bxf5 Nxf5 8. Nf3 Qxb2 9. Nbd2 Nxd4 10. Nxd4 Qxd4 11. 0-0 Qxe5 12. Re1 Qc7 13. Qf3 Nd7 14. Bf4 e5 15. Qg3 0-0-0 16. Bxe5 Nxe5 17. Rxe5 Bd6 18. Qh3+ Qd7 19. Qxd7+ Rxd7 20. Ree1 Bb4 21. Rad1 Kc7 22. Re2 Bxd2 23. Rdxd2 Kd6 24. Rd3 Re7 25. Rxe7 Kxe7 26. a4 Kd6 27. c4 Re8 28. cxd5 cxd5 29. a5 Re4 30. g3 Ra4 31. Rb3 Kc7 32. Rb5 Kc6 33. Rb3 Rxa5 34. Rf3 d4 35. Rxf7 d3 36. Rf3 d2 0-1

[Event "BCF-ch U160"]
[Site "Aberystwyth"]
[Date "2014.07.29"]
[Round "2"]
[White "Renshaw, Mick J"]
[Black "Allison, Paul A"]
[Result "1/2-1/2"]
[WhiteElo "136"]
[BlackElo "148"]
[PlyCount "61"]
[EventDate "2014.07.28"]
[EventType "swiss"]
[EventRounds "5"]
[EventCountry "WLS"]
[SourceTitle "EXT 2017"]
[Source "ChessBase"]
[SourceDate "2016.10.25"]
[SourceVersion "1"]
[SourceVersionDate "2016.10.25"]
[SourceQuality "1"]

1. e4 e5 2. Nf3 Nc6 3. Bb5 Nf6 4. 0-0 Nxe4 5. Re1 Nd6 6. Bxc6 dxc6 7. Nxe5 Be7 8. d4 0-0 9. c3 Re8 10. Nd2 Be6 11. Nf1 Nc4 12. Ng3 Nxe5 13. dxe5 Qxd1 14. Rxd1 Rad8 15. Be3 b6 16. a3 Rd5 17. f4 Red8 18. Rxd5 Rxd5 19. Kf2 Bc8 20. Ne2 c5 21. Ke1 Rd3 22. Bf2 Bb7 23. g3 Bf3 24. Ng1 Be4 25. Rd1 c4 26. Ne2 c5 27. Nc1 Rxd1+ 28. Kxd1 Kf8 29. Ke2 Ke8 30. Ke3 Bc2 31. Ne2 1/2-1/2

[Event "BCF-ch U160"]
[Site "Aberystwyth"]
[Date "2014.07.28"]
[Round "1"]
[White "Allison, Paul A"]
[Black "Belinfante, Neville"]
[Result "1-0"]
[WhiteElo "148"]
[BlackElo "121"]
[PlyCount "109"]
[EventDate "2014.07.28"]
[EventType "swiss"]
[EventRounds "5"]
[EventCountry "WLS"]
[SourceTitle "EXT 2017"]
[Source "ChessBase"]
[SourceDate "2016.10.25"]
[SourceVersion "1"]
[SourceVersionDate "2016.10.25"]
[SourceQuality "1"]

1. e4 Nf6 2. e5 Nd5 3. c4 Nb6 4. d4 d6 5. exd6 cxd6 6. Nc3 Bf5 7. Bd3 Bxd3 8. Qxd3 g6 9. Be3 Bg7 10. Rc1 0-0 11. Nf3 N8d7 12. 0-0 Nf6 13. h3 Nh5 14. b3 f5 15. Ng5 Qd7 16. d5 e5 17. dxe6 Qe7 18. Nd5 Nxd5 19. cxd5 f4 20. Nxh7 Kxh7 21. Bd4 Rac8 22. Bxg7 Kxg7 23. Rxc8 Rxc8 24. Qd4+ Qf6 25. Qxa7 Qe7 26. Qd4+ Nf6 27. b4 g5 28. Rd1 b5 29. h4 Rc4 30. Qb2 gxh4 31. Rd4 Kg6 32. Rxc4 bxc4 33. Qc2+ Kg5 34. Qxc4 Kg4 35. Qd3 Qg7 36. e7 Ne8 37. b5 Nc7 38. e8Q Nxe8 39. Qe2+ Kf5 40. Qe6+ Kg5 41. Qxe8 f3 42. Qe3+ Kh5 43. Qxf3+ Kh6 44. Qf4+ Kh5 45. Qf5+ Kh6 46. Qe6+ Kg5 47. Qxd6 Qa1+ 48. Kh2 Qxa2 49. Qe5+ Kg6 50. Qf4 Kh5 51. Qf3+ Kg5 52. Qe3+ Kh5 53. b6 Qa8 54. d6 Qc6 55. Qf3+ 1-0